Yüklüyor......

Brief history of neoliberalism /

Detaylı Bibliyografya
Yazar: Harvey, David
Dil:Undetermined
Baskı/Yayın Bilgisi: New York : Oxford , 2005.
Konular:
LEADER 00535nam a2200169Ia 4500
001 159261
008 170722s9999 xx 000 0 und d
020 |a 978019928327 
100 |a Harvey, David 
245 |a Brief history of neoliberalism / 
260 |a New York :  |b Oxford ,  |c 2005. 
300 |a vii+247 
653 |a Neoliberalism 
923 |d 20080929  |n MBC-1432 
942 |c GEN 
999 |c 137555  |d 137555 
952 |0 0  |1 0  |4 0  |6 WL_P52  |7 0  |9 194392  |a LIB  |b LIB  |d 2013-03-25  |e Modern Book Centre  |l 1  |o WL P52  |p 268551  |r 2017-10-09  |s 2017-09-11  |w 2017-08-12  |y GEN